| 000 | 00400nam a22001577a 4500 | ||
|---|---|---|---|
| 003 | NUST - PNEC | ||
| 005 | 20170116181108.0 | ||
| 008 | 151003b xxu||||| |||| 00| 0 eng d | ||
| 040 | _cLIBRARY | ||
| 082 | _a623.87 PAT | ||
| 100 |
_912742 _aSouchotte, E, |
||
| 245 |
_aMarine auxiliary machinery _cSouchotte, E, |
||
| 260 | _c1977 | ||
| 650 |
_912738 _bMechanical engineering _xME |
||
| 942 |
_2ddc _cBK |
||
| 999 |
_c69006 _d69006 |
||